Online Catalogue and eLibrary

The end of a golden string : (Record no. 3347)

MARC details
000 -LEADER
fixed length control field 00475nam a2200157Ia 4500
005 - DATE AND TIME OF LATEST TRANSACTION
control field 20241021014727.0
008 - FIXED-LENGTH DATA ELEMENTS--GENERAL INFORMATION
fixed length control field 240331s9999 xx 000 0 und d
020 ## - INTERNATIONAL STANDARD BOOK NUMBER
ISBN 9559055208
082 ## - DDC Classification
Item Number - Author Mark SIR
Class No. 821
100 ## - MAIN ENTRY--PERSONAL NAME
Personal name Siriwardena, R
245 #4 - TITLE STATEMENT
Title The end of a golden string :
Remainder of title an introduction to romantic poetry and an anthology
260 ## - PUBLICATION, DISTRIBUTION, ETC.
Place of publication, distribution, etc. Sri Lanka
Name of publisher, distributor, etc. The British Council
300 ## - PHYSICAL DESCRIPTION
Extent (e.g. Volumes, Pages etc.) 144 p .,
500 ## - GENERAL NOTE
General note An Introduction to Romantic Poetry and an Anthology.
942 ## - Koha item type (Biblio)
Koha item type Books in Stacks (Lending)
Holdings
Lost status Damaged status Collection code Home library Current library Shelving location Date acquired Full call number Accession Number Item type
    Lending WERC Library WERC Library Social Science Cupboard 03/31/2024 821 SIR 21 Books in Stacks (Lending)

© WERC Library